000 00311nam a2200133Ia 4500
003 OSt
008 191201s1989 xx 000 0 und d
100 _aDHAMIJA, Jarleen
245 0 _aHand Wovens Fabrics of India
260 _aN. Delhi
_bMapin Pub
_c1989
300 _a167
650 _aB.Tech(TE)
942 _2ddc
_cBK
999 _c228
_d228